Three images: Guess the TV show 2 Quiz Stats

 Plays Quiz not verified by Sporcle

Challenge
Share
Tweet
Score 0/15 Timer 11:00
0 Plays Today
% Correct
The Simpsons
82.9%
Brady Bunch
81.2%
Game of Thrones
80.8%
I Dream of Jeannie
70.2%
True Blood
61%
Lost
59.2%
All in the Family
58.6%
Mork and Mindy
57.5%
% Correct
The Bachelor or Bachelorette
57.4%
Get Smart
57.2%
Dexter
45%
Supernatural
40.4%
NCIS
37%
Ally McBeal
30.6%
iZombie
22.7%

You're not logged in!

Compare scores with friends on all Sporcle quizzes.
OR
Log In

You Might Also Like...

Show Comments

Extras

Editor's Pick Jun 14, 2016ReportNominate
Tags:Show Quiz, TV Show Quiz, Image Quiz, Slideshow

Top Quizzes Today


Score Distribution

Your Account Isn't Verified!

In order to create a playlist on Sporcle, you need to verify the email address you used during registration. Go to your Sporcle Settings to finish the process.

Report this User

Report this user for behavior that violates our Community Guidelines.

Details: